Traité théorique et pratique des maladies de l'oreille et des organes de l'audition / (Record no. 152368)

MARC details
000 -LEADER
campo de control de longitud fija 00678nam a2200181 i 4500
001 - NÚMERO DE CONTROL
campo de control 152368
003 - IDENTIFICADOR DE NÚMERO DE CONTROL
campo de control ES-MaACL
005 - FECHA Y HORA DE LA ÚLTIMA TRANSACCIÓN
campo de control 20250929063217.0
008 - DATOS DE LONGITUD FIJA--INFORMACIÓN GENERAL
campo de control de longitud fija 051011s1860 fr a |||| | fre d
040 ## - FUENTE DE CATALOGACIÓN
Centro catalogador/agencia de origen CAM
Lengua de catalogación spa
Centro/agencia transcriptor CAM
100 1# - ENTRADA PRINCIPAL--NOMBRE DE PERSONA
Nombre de persona Bonnafont, Jean Pierre,
Fechas asociadas al nombre 1805-1891
9 (RLIN) 126065
245 10 - MENCIÓN DEL TÍTULO
Título Traité théorique et pratique des maladies de l'oreille et des organes de l'audition /
Mención de responsabilidad, etc. par J.P. Bonnafont.
260 ## - PUBLICACIÓN, DISTRIBUCIÓN, ETC.
Lugar de publicación, distribución, etc. Paris [etc] :
Nombre del editor, distribuidor, etc. J.B. Baillière et Fils,
Fecha de publicación, distribución, etc. 1860 (
Lugar de fabricación/manufactura Corbeil :
Fabricante Typographie de Crété)
300 ## - DESCRIPCIÓN FÍSICA
Extensión X, 665 P. :
Otras características físicas il. ;
Dimensiones 21 cm.
650 #4 - PUNTO DE ACCESO ADICIONAL DE MATERIA--TÉRMINO DE MATERIA
Término de materia o nombre geográfico como elemento de entrada Oído-
Subdivisión general Enfermedades.
9 (RLIN) 136645
852 ## - LOCALIZACIÓN
Ubicación ES-MaACL
Número de control de estantería A-4834
Nota libre -- Enc. hol.
Holdings
Estatus retirado Estado de pérdida Estado de daño No para préstamo Colección Biblioteca de origen Biblioteca actual Ubicación en estantería Fecha de adquisición Fuente de adquisición Total de préstamos Signatura topográfica completa Código de barras Visto por última vez Precio de reemplazo Tipo de ítem Koha
        Libros del s. XIX Biblioteca del Ateneo de Madrid Biblioteca del Ateneo de Madrid Sala Pecera Planta 1 23/06/2010     A-4834 1183628 23/02/2023 23/02/2023 Libro impreso antiguo